El vuelo de Apolodoro / (Record no. 27605)

MARC details
000 -LEADER
fixed length control field 00691cam a22002537a 4500
001 - CONTROL NUMBER
control field sjds14488298
003 - CONTROL NUMBER IDENTIFIER
control field sjds
005 - DATE AND TIME OF LATEST TRANSACTION
control field 20221222115449.0
008 - FIXED-LENGTH DATA ELEMENTS--GENERAL INFORMATION
fixed length control field 060809s1984 mx a 000 0 spa
010 ## - LIBRARY OF CONGRESS CONTROL NUMBER
LC control number 2006531292
020 ## - INTERNATIONAL STANDARD BOOK NUMBER
International Standard Book Number 9684940041
020 ## - INTERNATIONAL STANDARD BOOK NUMBER
International Standard Book Number 9789684940048
040 ## - CATALOGING SOURCE
Original cataloging agency DLC
Transcribing agency DLC
Modifying agency DLC
041 ## - LANGUAGE CODE
Language code of text/sound track or separate title spa
050 00 - LIBRARY OF CONGRESS CALL NUMBER
Classification number MLCS 2006/11001 (P)
100 1# - MAIN ENTRY--PERSONAL NAME
Personal name Hiriart, Hugo,
Dates associated with a name 1942-
245 13 - TITLE STATEMENT
Title El vuelo de Apolodoro /
Statement of responsibility, etc. texto e ilustraciones, Hugo Hiriart.
250 ## - EDITION STATEMENT
Edition statement 1. ed.
260 ## - PUBLICATION, DISTRIBUTION, ETC. (IMPRINT)
Place of publication, distribution, etc. Col. Coyoacán, México :
Name of publisher, distributor, etc. CIDCLI,
Date of publication, distribution, etc. 1984.
300 ## - PHYSICAL DESCRIPTION
Extent 39 p. :
Other physical details col. ill. ;
Dimensions 22 cm.
440 ## - SERIES STATEMENT/ADDED ENTRY--TITLE
Title Reloj de cuentos
942 ## - ADDED ENTRY ELEMENTS (KOHA)
Source of classification or shelving scheme Dewey Decimal Classification
Koha item type Libro/Book
Holdings
Withdrawn status Lost status Damaged status Not for loan Home library Current library Date acquired Total Checkouts Total Renewals Full call number Barcode Checked out Date last seen Date checked out Price effective from Koha item type Inventory number Source of classification or shelving scheme
        San Juan Del Sur -- Mobile Rejega 22/12/2022 2 1 JI 33017022 02/04/2024 27/02/2024 27/02/2024 22/12/2022 Libro/Book    
        San Juan Del Sur -- Mobile San Juan Del Sur -- Mobile 12/02/2023     JI 30029898   12/02/2023   12/02/2023 Libro/Book Inventory date: 1-2-25  
        San Juan Del Sur -- Mobile San Juan Del Sur -- Mobile 12/02/2023     JI 30029901   12/02/2023   12/02/2023 Libro/Book Inventory date: 1-2-25  
        San jeronimo San jeronimo 03/03/2026     JI 35901904   03/03/2026   03/03/2026 Libro/Book   Dewey Decimal Classification

Powered by Koha